Youtubeurs de A-Z - Statistiques

Statistiques générales
  • Ce quiz a été pris 6 613 fois
  • Le résultat moyen est 13 sur 26
Statistiques - réponses
Lettre Indice Youtubeurs % Correct
A Créateur de la RedBox. Depuis le 28 Février 2020, 3 abonnés sont apparents dans toutes ses vidéos Amixem
94%
I Souvent associé à Michou, ce jeune Youtubeur arrive maintenant à se développer tout seul Inoxtag
90%
C Anciennement 1er Youtubeur Français il poste maintenant des courts métrages de manière très espacée Cyprien
89%
M Anciennement Masturbatman il Co-crée le LOAT avec Joyca Mastu
87%
J Anciennement YouTunes, il crée le LOAT en compagnie d'autres Youtubeurs suite à sa déception de la RedBox Joyca
85%
N Première Youtubeuse Française au dessus de Andy ou même Enjoy Phoenix. Elle a commencé avec des sketch et rentre maintenant dans les concepts et les vlogs Natoo
79%
T Youtubeur sport victime de controverse à cause de sa manière d'augmenter son audience via les shorts et non les vidéos longues laissant donc place a des vidéos moins bien travaillées et plus rares Tibo Inshape
75%
R Plus connu par le pseudonyme Billy il est souvent associé au Twitcheur AmineMaTué RebeuDeter
68%
H Youtubeur ayant la réponse à tout. Il est la source d'actualité la plus fiable Hugo Décrypte
67%
K Un des frères du Rire Jaune. Il a repris la chaine pour la transformer en sa propre chaine Kevin Tran
63%
D Youtubeurs science, il est la référence scientifique de Youtube Dr Nozman
55%
V Ancien membre de la RedBox. Il continue à avoir un très bon rhytme de vidéos, il fait juste beaucoup moins de vues Vodk
50%
P Un des plus vieux youtubeurs, il commence en 2013 avec des sketch sur le programme Powerpoint. Il est maintenant chef d'entreprise et possède Maison Grise Pierre Croce
47%
S Youtubeurs présent depuis 7ans ayant fait le buzz grâce à ses vidéos sur le maintenant mort jeu "Yandere Simulator" il s'est vite créé un petit groupe de collègue composé de lui, Dooms, Frite et MaryFrozenCrystal. Il se concentre maintenant sur le divertissement Sora
45%
Y Prof de Maths en Alsace il compte aujourd'hui plus de 2M d'abonnés étant des passionés de maths tout comme des élèves cherchant à apprendre de manière connectée Yvan Monka
44%
O Youtubeuse divertissement ayant eu une vague de célébrité suite à ses problème légaux avec l'émission "4 Mariages pour 1 Lune de Miel". Elle est maintenant passée au prochain chapitre est réagie maintenant à "On a Échangé nos Mamans" Océane
43%
G Youtubeuse beauté qui s'impose petit à petit dans le Youtube divertissement après avoir accompli son rêve de créer sa propre marque de maquillage Gaelle Garcia Diaz
40%
W Duo de Youtubeurs spécialisé dans le jeu-vidéos. Il sont apprécié grâce à leur humour et à leur petit personnages animés Wankil
39%
F Youtubeurs Minecraft connu grâce à son serveur "Paladium" Fuze
33%
B Un des doyens Youtubeurs. Membre de Maison Grise Benjamin Verrechia
29%
U Twitcheuse jeux-vidéos, elle devient très vite une des plus grosses streameuses avec presque 300 000 abonnés se placant 11ème sur le classement féminin Twitch de 2023 Ultia
28%
X Streameur régulier de 400k abonnés. Il est l'un des seuls streameurs à avoir participé à tout les Z-Event Xari
27%
E D'abord connue grâce à son copain Chris, elle s'impose maintenant comme une des plus grosse Youtubeuses humoristiques Emma Graziano
18%
Z Petit streameur aidé par Squeezie et Locklear lors de leur vidéo "SOS Streaming". Il a maintenant arrêter suite à tout la haine qu'il a subi des deux communautés Zod
17%
L Youtubeur jeux-vidéos rempli d'humour connu grâce à ses vidéos Legos et Mario Maker Laupok
9%
Q Petit Youtubeur de 500k abonnés présent sur la plateforme depuis 11ans. Il est connu pour ses vidéos putaclic à l'éffigie de Noa Dorian Qin hui
1%
Aucun quiz correspondant
Distribution des résultats
% des personnes avec chaque résultat
Percentile par nombre de réponses
Votre historique - résultats
Vous n’avez pas pris ce quiz